Score 0/20 Timer 03:00
1 Play Today
Hint(s) 3 Letter Ladder % Correct
◄ Every last one / ► Conclude ALL 
81.5%
◄ __, you're it! / ► I can __ clearly now TAG 
79.4%
◄ Tail movement / ► Golf peg WAG 
78.1%
◄ Is able / ► Marry CAN 
75.2%
1986 sci-fi sequel starring Sigourney Weaver (6 Letters)►ALI  
74.6%
◄ Feverish / ► Bonnie __ Clyde ILL 
72.1%
◄ Distant / ► Charged particle FAR 
65.4%
◄ Prison inmate / ► Rain soaked CON 
62.8%
◄ Usually has four wheels / ► No room at the __ CAR 
61.9%
2008 action film where Angelina Jolie can curve bullets (6 Letters)►WAN  
61%
Hint(s) 3 Letter Ladder % Correct
◄ Cooling device / ► Sanford and __ FAN 
60.5%
◄ Pigeon call / ► 6-0 or 7-6 in tennis COO 
55.6%
◄ Large deer / ► 79% Nitrogen, 20% Oxygen ELK 
53.5%
1996 thriller with Mel Gibson, whose son is kidnapped (6 Letters)►RAN  
52.9%
◄ Noisy dance genre / ► Take to court TAP 
51%
◄ Sort or type / ► Volunteer's offer ILK 
48.7%
◄ Speak on a song / ► __ of all fears RAP 
48.5%
◄ 1970's British rock group (abbr) / ► Knight's title ELO 
41.1%
2004 drama starring Natalie Portman & Julia Roberts (6 Letters)►CLO  
37.3%
1995 drama starring Robert De Niro & Sharon Stone (6 Letters)►CAS  
22.8%

Today's Daily Dose

Remove Ads.
Support Sporcle.
Get the best of Sporcle when you Go Orange. This ad-free experience offers more features, more stats, and more fun while also helping to support Sporcle. Thank you for becoming a member.

You're not logged in!

Compare scores with friends on all Sporcle quizzes.
OR
Log In

Show Comments

Extras

Top Quizzes Today


Score Distribution

Your Account Isn't Verified!

In order to create a playlist on Sporcle, you need to verify the email address you used during registration. Go to your Sporcle Settings to finish the process.

Report this User

Report this user for behavior that violates our Community Guidelines.

Details: